000 00566nam a2200181 4500
001 120877
003 ES-MaACL
005 20230906191636.0
007 t|
008 070214s1932 sp r ||||1| spa d
100 1 _aPomaranski, Stefan.
_992900
245 1 0 _aPilsudski
_b: vida y obra /
_cStefan Pomaranski ; versión del polaco [de Marjan Paszkiewicz].
260 _aMadrid :
_b[s.n.],
_c1932 (
_fGráf. Universal)
300 _a48 p. ;
_c20 cm.
600 1 4 _aPildsudski, Jozef.
_9148610
700 1 _aPaszkiewicz, Marjan.
_989543
852 _aES-MaACL
_j1775-F-4
999 _c120877
_d120877